Stored product protection

Guardado en:
Autor Principal: Hagstrum, David W., 1944-
Autor Corporativo: Kansas State University. Agricultural Experiment Station and Cooperative Extension Service.
Otros Autores: Phillips, Thomas W., Cuperus, Gerrit.
Formato: Electrónico
Publicado: Manhattan, KS : Kansas State Research and Extension, 2012.
Materias:
Acceso en línea:Acceso a texto completo
Etiquetas: Agregar Etiqueta
Sin Etiquetas, Sea el primero en etiquetar este registro!
LEADER 00983nmm a22002175a 4500
001 EEA.libagro010909
008 171106s2012####xxu##################d
005 20200423155623.0
245 1 0 |a Stored product protection  |h [recurso electrónico] /  |c David W. Hagstrum, Thomas W. Phillips and Gerrit Cuperus. 
260 |a Manhattan, KS :  |b Kansas State Research and Extension,  |c 2012. 
500 |a Título tomado de bookstore.ksre.ksu.edu (visto el 6 de noviembre de 2017). 
538 |a Modo de acceso: World Wide Web. 
100 1 |a Hagstrum, David W.,  |d 1944- 
700 1 |a Phillips, Thomas W. 
700 1 |a Cuperus, Gerrit. 
710 2 |a Kansas State University.  |b Agricultural Experiment Station and Cooperative Extension Service. 
650 7 |a Plagas de productos almacenados  |2 agrovoc 
650 7 |a Control de plagas (prod alm)  |2 agrovoc 
650 7 |a Control de insectos  |2 agrovoc 
655 7 |a Libros electrónicos 
856 |3 Acceso a texto completo  |u https://www.bookstore.ksre.ksu.edu/pubs/S156.pdf